000 00604nam a22001937a 4500
005 20210325173115.0
008 s2531 th tha d
020 _a9748880796
041 _atha
050 _aBQ4570.S7 พ831ก
100 0 _aพุทธทาสภิกขุ
245 1 0 _aการเมืองคือธรรมะ [2nd]
260 3 _aกรุงเทพฯ :
_bอรุณวิทยา,
_c2531
300 _a248 หน้า
650 0 4 _aพุทธศาสนากับการเมือง
850 _aNALT
942 _cGB
997 _c000000000000516
999 _c516
_d516